| 000 | 00568nam a22001817a 4500 | ||
|---|---|---|---|
| 999 |
_c192483 _d192483 |
||
| 005 | 20220923113558.0 | ||
| 010 | _aENG-135000 | ||
| 020 | _c120.00 | ||
| 035 | _aEN-118532 | ||
| 037 | _bDBAD/PUB | ||
| 082 | _a155 | ||
| 100 | _aRaju,C.S. | ||
| 245 |
_a100 Tips to score high marks with holistic development/ _cby C.S.Raju |
||
| 260 |
_aChennai _bSri Sai Publishers _c2013 |
||
| 270 |
_aPlot-116 Rajagopalan Street Devi Karumari Amman Nagar Valasaravakkam, _bChennai _e600026 |
||
| 300 |
_a160p.: _billus. _c22cm(pbk) |
||
| 942 |
_2ddc _cEN _h155 _mRAJ |
||